Alle Staaten der Erde auf Landesprache. - Statistiken

Allgemein
  • Dieses Quiz wurde 42 mal gespielt
  • Das Durchschnittsergebnis liegt bei 67 aus 196
Antworten auf der Karte
Die Antworten werden auf der Karte rot bzw. grün angezeigt, abhängig davon wie oft sie richtig erraten wurden.
 
Antwortstatistiken
Antwort % Korrekt
Deutschland
91%
México
91%
Canada
85%
France
82%
United States
82%
Australia
79%
Brasil
79%
Chile
79%
Cuba
76%
Éire/Ireland
76%
Panamá
76%
España
73%
Italia
73%
United Kingdom
73%
Argentina
70%
Haïti/Ayiti
70%
Paraguay/Paraguái
70%
Perú
70%
Bolivia
67%
Ecuador
67%
Guatemala
67%
Guyana
67%
Honduras
67%
Nicaragua
67%
Österreich
67%
Schweiz/Suisse/Svizzera/Svizra
67%
Uruguay
67%
Venezuela
67%
Bahamas
64%
Belize
64%
Costa Rica
64%
Dominica
64%
El Salvador
64%
Portugal
64%
Surinam
64%
Ísland
61%
New Zealand/Aotearoa
61%
South Africa
58%
Suomi/Finland
58%
Colombia
55%
Jamaica
55%
Luxemburg/Luxembourg/Lëtzebuerg
55%
Malta
55%
Nihon/Nippon
55%
Polska
55%
Saint Lucia
55%
Barbados
52%
België/Belgique/Belgien
52%
Danmark
52%
Indonesia
52%
Lao
52%
Tonga
52%
India/Bharat
48%
Īrān
48%
Liechtenstein
48%
Nauru
48%
Nederland
48%
Nepāl
48%
Niger
48%
Nigeria
48%
Norge/Noreg
48%
Saint Kitts and Nevis
48%
Trinidad and Tobago
48%
Viêt Nam
48%
Angola
45%
Lesotho
45%
Namibia
45%
Sāmoa
45%
Sénégal
45%
Sverige
45%
Türkiye
45%
Grenada
42%
Saint Vincent and the Grenadines
42%
Belarus
39%
Ghana
39%
Malaysia
39%
San Marino
39%
São Tomé e Príncipe
39%
Togo
39%
Tuvalu
39%
Bénin
36%
Eswatini/eSwatini
36%
Fiji
36%
Kiribati
36%
Mali
36%
Marshall Islands
36%
Pākistān
36%
Tūnis
36%
Vanuatu
36%
Antigua and Barbuda
33%
Cameroun/Cameroon
33%
Côte d'Ivoire
33%
Hrvatska
33%
Liberia
33%
Madagascar
33%
Monaco
33%
România
33%
The Gambia
33%
Andorra
30%
Botswana
30%
Burkina Faso
30%
Gabon
30%
Kenya
30%
Kosova/Kosovë/Kosovo
30%
Malaŵi
30%
Moldova
30%
Seychelles/Sesel
30%
Tanzania
30%
Uganda
30%
Zambia
30%
Zimbabwe
30%
Burundi
27%
Congo (République démocratique du)
27%
Congo (République du)
27%
Lībyā
27%
Mauritius
27%
Rwanda
27%
Sierra Leone
27%
Zhonghua Minguo/Taiwan
27%
Elláda/Ellás
24%
Micronesia
24%
República Dominicana
24%
Solomon Islands
24%
Cabo Verde
21%
Rossija
21%
Dawlat Qatar
18%
Djibouti
18%
Lietuva
18%
Misr
18%
Slovenija
18%
Türkmenistan
18%
Eesti
15%
Guinea Ecuatorial
15%
Guiné-Bissau
15%
Guinée
15%
Kýpros/Kıbrıs
15%
Latvija
15%
Qazaqstan/Kasachstan
15%
Slovensko
15%
South Sudan
15%
Tchad
15%
Belau
12%
Bosna i Hercegovina
12%
Česko
12%
Crna Gora
12%
Hajastan
12%
Magyarország
12%
Mongol Uls
12%
O'zbekiston
12%
Pilipinas
12%
Timor-Leste
12%
al-Dschazā'ir
9%
al-Maghrib
9%
Druk Yul
9%
Kampuchea
9%
Komori
9%
Sakartwelo
9%
Shqipëria
9%
Soomaaliya/as-Sūmāl
9%
Srbija
9%
Ukrajina
9%
'Umān
9%
al-'Arabīya as-Sa'udīya
6%
al-Bahrayn
6%
al-Imārāt al-'Arabīya al-Muttahida
6%
al-'Irāq
6%
al-Yaman
6%
Azərbaycan
6%
Bāmlādeś
6%
Dhivehi Raajje
6%
Ertra
6%
Hanguk
6%
Ityoppəya
6%
Kyrgysstan
6%
Moçambique
6%
Papua Niu Gini
6%
République centrafricaine
6%
Severna Makedonija
6%
Śrī Lamkā
6%
Todschikiston
6%
Zhonghua Renmin Gongheguo
6%
Afghānestān
3%
as-Sūdān
3%
Bălgarija
3%
Lubnān
3%
Status Civitatis Vaticanæ
3%
Sūriya
3%
Yisra'el
3%
al-Urduun
0%
Choson
0%
Dawlat al-Kuwayt
0%
Mranma
0%
Mūrītāniyā
0%
Negara Brunei Darussalam
0%
Prathet Thai
0%
Singapora
0%
Keine übereinstimmenden Quizze gefunden
Verteilung der Resultate
Anzahl Personen mit jedem Resultat
Perzentil nach korrekt beantworteten Fragen
Ihre Resultats-Entwicklung
Sie haben dieses Quiz noch nicht gespielt